[Event "St Petersburg Chigorin CC-ch"]
[Site "St Petersburg"]
[Date "2009.05.22"]
[Round "4"]
[White "Silivanov, Sergej"]
[Black "Sheynin, Izrail"]
[Result "1-0"]
[WhiteElo "2325"]
[BlackElo "2173"]
[PlyCount "39"]
[EventDate "2009.05.19"]
[EventType "swiss"]
[EventRounds "9"]
[EventCountry "RUS"]
[SourceTitle "CBM 130 Extra"]
[Source "ChessBase"]
[SourceDate "2009.07.02"]
[SourceVersion "2"]
[SourceVersionDate "2009.07.15"]
[SourceQuality "1"]

1. e4 d5 2. exd5 Qxd5 3. Nc3 Qa5 4. d4 Nf6 5. Bc4 Bg4 6. f3 Bh5 7. Bd2 c6 8. Qe2 Qc7 9. g4 Bg6 10. f4 h6 11. f5 Bh7 12. Nh3 Nbd7 13. Nf4 Bg8 14. 0-0-0 Nb6 15. Bb3 0-0-0 16. Be3 Nbd5 17. Nfxd5 Nxd5 18. Bxd5 cxd5 19. Nb5 Qa5 20. Rd3 1-0

[Event "St Petersburg White Nights op"]
[Site "St Petersburg"]
[Date "2006.06.30"]
[Round "8"]
[White "Silivanov, Sergej"]
[Black "Nikitinyh, Boris Aleksandrovic"]
[Result "0-1"]
[WhiteElo "2355"]
[BlackElo "2247"]
[PlyCount "102"]
[EventDate "2006.06.23"]
[EventType "swiss"]
[EventRounds "9"]
[EventCountry "RUS"]
[SourceTitle "CBM 112 Extra"]
[Source "ChessBase"]
[SourceDate "2006.07.14"]
[SourceVersion "1"]
[SourceVersionDate "2006.07.14"]
[SourceQuality "1"]

1. e4 c5 2. c3 e6 3. d4 Nf6 4. Bd3 Nc6 5. Nf3 Be7 6. 0-0 b6 7. e5 Nd5 8. Be4 Ba6 9. Re1 cxd4 10. cxd4 Rc8 11. Bxd5 exd5 12. Nc3 Nb4 13. Re3 Bb7 14. a3 Na6 15. Nb5 0-0 16. Nxa7 Ra8 17. Nb5 Bc6 18. Nc3 b5 19. Ne1 Nc7 20. Rg3 Ne6 21. Qd3 f5 22. exf6 Bxf6 23. Rh3 g6 24. Nf3 b4 25. Nd1 Bg7 26. Be3 Qb6 27. Qd2 Rfb8 28. Bf4 Re8 29. Be5 Bxe5 30. dxe5 d4 31. Qh6 Nf8 32. Qf4 Ne6 33. Qh4 h5 34. Qf6 Be4 35. Rg3 Qd8 36. Qxd8 Rexd8 37. Nd2 Bc2 38. Rc1 Rdc8 39. Rf3 d3 40. Ra1 bxa3 41. bxa3 Nd4 42. Rf6 Rc6 43. Rxc6 dxc6 44. Ne3 Re8 45. Nec4 c5 46. Ne4 Ra8 47. f3 Nb3 48. Re1 Kf8 49. e6 Ke7 50. Nc3 Rd8 51. Ne5 d2 0-1

[Event "St Petersburg White Nights op"]
[Site "St Petersburg"]
[Date "2006.06.23"]
[Round "1"]
[White "Silivanov, Sergej"]
[Black "Utkin, Vladimir"]
[Result "1-0"]
[WhiteElo "2355"]
[BlackElo "2075"]
[PlyCount "69"]
[EventDate "2006.06.23"]
[EventType "swiss"]
[EventRounds "9"]
[EventCountry "RUS"]
[SourceTitle "CBM 112 Extra"]
[Source "ChessBase"]
[SourceDate "2006.07.14"]
[SourceVersion "1"]
[SourceVersionDate "2006.07.14"]
[SourceQuality "1"]

1. e4 e5 2. Nf3 Nf6 3. Nc3 Nc6 4. d4 exd4 5. Nxd4 Bb4 6. Nxc6 bxc6 7. Bd3 d5 8. exd5 cxd5 9. Qe2+ Qe7 10. Qxe7+ Bxe7 11. Nb5 Bd8 12. Bf4 Rb8 13. 0-0-0 Rb7 14. Rhe1+ Be6 15. Nd4 Rb6 16. a4 0-0 17. a5 Rb4 18. Nxe6 fxe6 19. Bd2 Rh4 20. h3 Ne4 21. Bxe4 dxe4 22. Be3 Be7 23. Rd7 Bd6 24. Bd4 e5 25. Bxa7 Ra8 26. Be3 Rxa5 27. Bg5 Rh5 28. h4 h6 29. g4 hxg5 30. gxh5 gxh4 31. Kb1 Rd5 32. Rg1 h3 33. Rgxg7+ Kf8 34. h6 Rd1+ 35. Ka2 1-0

[Event "Chigorin Memorial 13th"]
[Site "St Petersburg"]
[Date "2005.10.22"]
[Round "8"]
[White "Silivanov, Sergej"]
[Black "Eidelson, Rakhil"]
[Result "1/2-1/2"]
[WhiteElo "2364"]
[BlackElo "2192"]
[PlyCount "101"]
[EventDate "2005.10.15"]
[EventType "swiss"]
[EventRounds "9"]
[EventCountry "RUS"]
[SourceTitle "CBM 108 Extra"]
[Source "ChessBase"]
[SourceDate "2005.11.04"]
[SourceVersion "1"]
[SourceVersionDate "2005.11.04"]
[SourceQuality "1"]

1. e4 c5 2. c3 Nf6 3. e5 Nd5 4. Nf3 Nc6 5. Bc4 Nb6 6. Bb3 c4 7. Bc2 g6 8. 0-0 Bg7 9. Qe2 d6 10. exd6 Qxd6 11. Na3 Qe6 12. Be4 f5 13. Bxc6+ bxc6 14. Re1 Qxe2 15. Rxe2 Ba6 16. Ne5 Rc8 17. Re1 0-0 18. b3 cxb3 19. axb3 Rc7 20. Nc2 Bc8 21. Nd4 a6 22. Nexc6 Re8 23. Ba3 Kf7 24. Bb4 Bb7 25. Ba5 Bxc6 26. Bxb6 Rb7 27. Nxc6 Rxb6 28. Na5 Rc8 29. f4 Bf8 30. g3 e6 31. Kg2 Rd8 32. Re2 h6 33. Nc4 Rxb3 34. Rxa6 Re8 35. Ne5+ Kg7 36. Nf3 Kf7 37. Nd4 Rb2 38. Nxe6 Bc5 39. Kf3 Bb6 40. Nc7 Bxc7 41. Ra7 Rc8 42. d4 Rxe2 43. Kxe2 g5 44. fxg5 hxg5 45. c4 Re8+ 46. Kd3 Re7 47. c5 f4 48. gxf4 gxf4 49. d5 f3 50. Ra2 Re5 51. Rf2 1/2-1/2

[Event "St Petersburg Chigorin CC-ch"]
[Site "St Petersburg"]
[Date "2005.05.17"]
[Round "2"]
[White "Silivanov, Sergej"]
[Black "Rodkin, Felix"]
[Result "1-0"]
[WhiteElo "2368"]
[BlackElo "2198"]
[PlyCount "69"]
[EventDate "2005.05.16"]
[EventType "swiss"]
[EventRounds "9"]
[EventCountry "RUS"]
[SourceTitle "EXT 2006"]
[Source "ChessBase"]
[SourceDate "2005.11.24"]
[SourceVersion "1"]
[SourceVersionDate "2005.11.24"]
[SourceQuality "1"]

1. e4 e6 2. d4 d5 3. Nc3 Nf6 4. e5 Nfd7 5. f4 c5 6. Nf3 Nc6 7. Be3 cxd4 8. Nxd4 Qb6 9. Qd2 Qxb2 10. Rb1 Qa3 11. Ncb5 Qxa2 12. Rd1 Bb4 13. Nc7+ Kf8 14. c3 Qa5 15. Ndb5 Bxc3 16. Qxc3 Qxc3+ 17. Nxc3 Rb8 18. N3b5 a6 19. Nd6 Ke7 20. Rc1 f6 21. Nxa6 Ra8 22. Nc5 fxe5 23. Nxd7 Kxd7 24. Nf7 exf4 25. Nxh8 fxe3 26. Bb5 Ke7 27. 0-0 Nd4 28. Rf7+ Kd6 29. Rfc7 e5 30. Nf7+ Ke6 31. Nd8+ Kd6 32. Rxc8 Rxc8 33. Nxb7+ Ke6 34. Rxc8 Nxb5 35. Rc6+ 1-0

[Event "St Petersburg Chigorin CC-ch"]
[Site "St Petersburg"]
[Date "2005.05.16"]
[Round "1"]
[White "Orlov, Anatoly"]
[Black "Silivanov, Sergej"]
[Result "0-1"]
[WhiteElo "2102"]
[BlackElo "2368"]
[PlyCount "84"]
[EventDate "2005.05.16"]
[EventType "swiss"]
[EventRounds "9"]
[EventCountry "RUS"]
[SourceTitle "EXT 2006"]
[Source "ChessBase"]
[SourceDate "2005.11.24"]
[SourceVersion "1"]
[SourceVersionDate "2005.11.24"]
[SourceQuality "1"]

1. e4 e5 2. Nc3 Nf6 3. g3 h5 4. h3 h4 5. g4 d5 6. exd5 Nxd5 7. Nge2 Nc6 8. Bg2 Be6 9. 0-0 Qd7 10. Nxd5 Bxd5 11. Bxd5 Qxd5 12. Nc3 Qd7 13. d3 0-0-0 14. Ne4 Kb8 15. Be3 Be7 16. Qf3 f6 17. Nc5 Bxc5 18. Bxc5 Qe6 19. a3 g6 20. Rae1 f5 21. Qg2 Qd5 22. Be3 f4 23. Bd2 Nd4 24. Qxd5 Rxd5 25. c4 Nf3+ 26. Kg2 Rxd3 27. Bc3 Nxe1+ 28. Rxe1 Re8 29. f3 e4 30. fxe4 Rg3+ 31. Kh2 Re3 32. Rxe3 fxe3 33. e5 e2 34. Kg2 Rxe5 35. Kf2 Re6 36. g5 Kc8 37. Be1 Kd7 38. Kf3 Re5 39. b4 Ke6 40. Kf4 Rf5+ 41. Ke3 Rxg5 42. Kxe2 Re5+ 0-1

[Event "St Petersburg NWAPA Cup"]
[Site "St Petersburg"]
[Date "2005.03.10"]
[Round "11"]
[White "Silivanov, Sergej"]
[Black "Korniushin, Nikolay"]
[Result "1-0"]
[WhiteElo "2376"]
[BlackElo "2454"]
[PlyCount "63"]
[EventDate "2005.03.04"]
[EventType "tourn"]
[EventRounds "13"]
[EventCountry "RUS"]
[EventCategory "3"]
[SourceTitle "CBM 105 Extra"]
[Source "ChessBase"]
[SourceDate "2005.05.01"]
[SourceVersion "1"]
[SourceVersionDate "2005.05.01"]
[SourceQuality "1"]

1. e4 Nf6 2. Nc3 d5 3. e5 Ne4 4. Nce2 d4 5. c3 Nc6 6. Nxd4 Nxd4 7. Qa4+ c6 8. Qxd4 Qxd4 9. cxd4 Ng5 10. d3 Ne6 11. Be3 Nc7 12. g3 Be6 13. Bg2 Bd5 14. Bxd5 Nxd5 15. Ne2 e6 16. a3 0-0-0 17. Kd2 g6 18. h4 h5 19. Rhc1 Bg7 20. f4 Kb8 21. Nc3 f5 22. Bf2 Rd7 23. Ne2 Rc8 24. Ng1 Rdc7 25. Nf3 b6 26. Rc2 a5 27. Rac1 Bf8 28. Ng5 Re7 29. Rxc6 Rce8 30. Rd6 Nc7 31. Rxb6+ Ka7 32. d5 1-0

[Event "St Petersburg NWAPA Cup"]
[Site "St Petersburg"]
[Date "2005.03.07"]
[Round "5"]
[White "Ivanov, Alexey2222"]
[Black "Silivanov, Sergej"]
[Result "1/2-1/2"]
[WhiteElo "2350"]
[BlackElo "2376"]
[PlyCount "107"]
[EventDate "2005.03.04"]
[EventType "tourn"]
[EventRounds "13"]
[EventCountry "RUS"]
[EventCategory "3"]
[SourceTitle "CBM 105 Extra"]
[Source "ChessBase"]
[SourceDate "2005.05.01"]
[SourceVersion "1"]
[SourceVersionDate "2005.05.01"]
[SourceQuality "1"]

1. e4 e5 2. Nf3 d6 3. d4 Nf6 4. Nc3 Nbd7 5. Bc4 Be7 6. 0-0 0-0 7. Re1 c6 8. a4 b6 9. b3 Bb7 10. Bb2 a6 11. Bd3 b5 12. Ne2 Qc7 13. Ng3 Rfe8 14. Qd2 Bf8 15. Nf5 h6 16. c3 Rad8 17. axb5 axb5 18. Bc2 Nb6 19. Re2 Bc8 20. N3h4 Be6 21. Rf1 g5 22. Nf3 Bxf5 23. exf5 e4 24. Ne1 d5 25. g3 Nc8 26. f4 g4 27. Ng2 Nd6 28. Ne3 Qd7 29. h3 Nxf5 30. Rh2 Nxg3 31. hxg4 Nxg4 32. Rg2 Nxf1 33. Nxg4 Kh8 34. Kxf1 Qf5 35. Qf2 Bg7 36. Ne3 Qh3 37. Bd1 Qh1+ 38. Ke2 Rg8 39. Rh2 Qf3+ 40. Qxf3 exf3+ 41. Kxf3 Bf8 42. Ng4 Rd6 43. Ba3 Re6 44. Bxf8 Rxf8 45. f5 Re1 46. Rxh6+ Kg8 47. Be2 Re8 48. Ne5 Kg7 49. Rh2 Rc1 50. Rg2+ Kf6 51. Ng4+ Kxf5 52. Bd3+ Kg5 53. Ne5+ Kf6 54. Ke3 1/2-1/2

[Event "RUS-chT2 12th"]
[Site "Smolensk"]
[Date "2005.02.05"]
[Round "4"]
[White "Silivanov, Sergej"]
[Black "Newerovski, Gennadi"]
[Result "0-1"]
[WhiteElo "2376"]
[BlackElo "2321"]
[PlyCount "79"]
[EventDate "2005.02.03"]
[EventType "team"]
[EventRounds "11"]
[EventCountry "RUS"]
[SourceTitle "CBM 104 Extra"]
[Source "ChessBase"]
[SourceDate "2005.03.01"]
[SourceVersion "1"]
[SourceVersionDate "2005.03.01"]
[SourceQuality "1"]

1. e4 c5 2. c3 Nf6 3. e5 Nd5 4. Nf3 d6 5. Bc4 dxe5 6. Nxe5 e6 7. 0-0 Be7 8. d4 cxd4 9. cxd4 Nc6 10. Nxc6 bxc6 11. Nc3 0-0 12. Bd3 Bf6 13. Ne4 Bxd4 14. Ng5 Nf6 15. Qc2 h6 16. Nh7 Nxh7 17. Bxh7+ Kh8 18. Qxc6 Rb8 19. Bb1 Bb7 20. Qc2 f5 21. Kh1 Qf6 22. Qe2 Bd5 23. Bd3 Rfc8 24. Ba6 Rc6 25. a4 e5 26. Bb5 Rcb6 27. Bc4 Rxb2 28. Bxb2 Rxb2 29. Rab1 Rxe2 30. Bxe2 Qc6 31. f3 Qc2 32. Bb5 e4 33. Rbe1 a6 34. Re2 Qb3 35. fxe4 Bxe4 36. Bd7 Qd3 37. Ree1 Qd2 38. Rxe4 fxe4 39. Bf5 g6 40. Bxe4 0-1

[Event "RUS-chT2 12th"]
[Site "Smolensk"]
[Date "2005.02.04"]
[Round "2"]
[White "Silivanov, Sergej"]
[Black "Bazarov, Konstantin"]
[Result "1-0"]
[WhiteElo "2376"]
[BlackElo "2191"]
[PlyCount "113"]
[EventDate "2005.02.03"]
[EventType "team"]
[EventRounds "11"]
[EventCountry "RUS"]
[SourceTitle "CBM 104 Extra"]
[Source "ChessBase"]
[SourceDate "2005.03.01"]
[SourceVersion "1"]
[SourceVersionDate "2005.03.01"]
[SourceQuality "1"]

1. e4 c5 2. c3 d5 3. exd5 Qxd5 4. d4 Nf6 5. Nf3 e6 6. Be3 cxd4 7. cxd4 Be7 8. Nc3 Qd6 9. Bc4 0-0 10. 0-0 a6 11. Bb3 Nc6 12. d5 exd5 13. Nxd5 Nxd5 14. Qxd5 Qg6 15. Rad1 Bg4 16. Rd2 Rad8 17. Ne5 Nxe5 18. Qxe5 Bf6 19. Qf4 Rxd2 20. Bxd2 h5 21. Bd5 Bxb2 22. Bxb7 Re8 23. Qa4 Re6 24. Bd5 Re5 25. Qb3 Bd4 26. Be3 Qf5 27. Bc4 Bc5 28. Bxc5 Rxc5 29. Bxa6 Qf6 30. Bc4 g6 31. Re1 Qf4 32. Qb2 Rc8 33. Bf1 Rd8 34. g3 Qg5 35. a4 Bf3 36. Qb5 Qf6 37. Re8+ Rxe8 38. Qxe8+ Kg7 39. Qe1 Bc6 40. Bb5 Bb7 41. Qd1 Qe5 42. Be2 Bc6 43. f3 h4 44. gxh4 Qf4 45. a5 Qxh4 46. a6 Qg5+ 47. Kf1 Qe5 48. Qb3 Bd5 49. Qd3 Bc6 50. h4 Qa1+ 51. Kf2 Qa4 52. Qc4 Qxc4 53. Bxc4 f6 54. a7 f5 55. Kg3 Kf6 56. f4 Ke7 57. Be2 1-0

[Event "Privolzhskogo FO-ch"]
[Site "Omsk"]
[Date "2004.12.12"]
[Round "3"]
[White "Alavkin, Arseny Nailievich"]
[Black "Silivanov, Sergej"]
[Result "0-1"]
[WhiteElo "2471"]
[BlackElo "2295"]
[PlyCount "80"]
[EventDate "2004.12.11"]
[EventType "swiss"]
[EventRounds "5"]
[EventCountry "RUS"]
[SourceTitle "EXT 2006"]
[Source "ChessBase"]
[SourceDate "2005.11.24"]
[SourceVersion "1"]
[SourceVersionDate "2005.11.24"]
[SourceQuality "1"]

1. e4 e5 2. Nf3 d6 3. d4 Nf6 4. dxe5 Nxe4 5. Qd5 Nc5 6. Bg5 Be7 7. exd6 Qxd6 8. Nc3 Qe6+ 9. Be3 c6 10. Qd4 0-0 11. 0-0-0 Nbd7 12. Bc4 Qf5 13. Rhe1 b5 14. Qf4 Nb6 15. Qc7 Bd7 16. Bd4 Bf6 17. Bd3 Nxd3+ 18. Rxd3 Bxd4 19. Rxd4 Rfc8 20. Qg3 Re8 21. Rde4 Nd5 22. Nd4 Qh5 23. Rxe8+ Rxe8 24. Rxe8+ Bxe8 25. Ne4 f5 26. Ne6 Qf7 27. N4c5 f4 28. Qg5 h6 29. Qe5 Qg6 30. Nd4 Bf7 31. g3 fxg3 32. fxg3 Kh7 33. b3 a5 34. Kb2 a4 35. h3 axb3 36. axb3 Nb4 37. Nd7 Kh8 38. Qe7 Nd5 39. Qe5 Bg8 40. Nf8 Qf6 0-1

[Event "Chigorin Memorial 12th"]
[Site "St Petersburg"]
[Date "2004.10.16"]
[Round "1"]
[White "Silivanov, Sergej"]
[Black "Kornev, Alexei"]
[Result "1/2-1/2"]
[WhiteElo "2295"]
[BlackElo "2582"]
[PlyCount "185"]
[EventDate "2004.10.16"]
[EventType "swiss"]
[EventRounds "9"]
[EventCountry "RUS"]
[SourceTitle "EXT 2005"]
[Source "ChessBase"]
[SourceDate "2004.11.15"]
[SourceVersion "1"]
[SourceVersionDate "2004.11.15"]
[SourceQuality "1"]

1. e4 c6 2. d4 d5 3. exd5 cxd5 4. c4 Nf6 5. Nc3 g6 6. cxd5 Bg7 7. Bc4 0-0 8. Nge2 b6 9. 0-0 Bb7 10. Nf4 Na6 11. h3 Nc7 12. Qb3 Rb8 13. a4 a6 14. Be3 b5 15. axb5 axb5 16. Be2 Nfxd5 17. Nfxd5 Nxd5 18. Nxd5 Bxd5 19. Qb4 Qd7 20. Rfc1 Rfd8 21. Ra5 Bc4 22. Bxc4 bxc4 23. Qxc4 Rxb2 24. d5 Bf6 25. Bd4 Bxd4 26. Qxd4 Rb7 27. Qe3 Qd6 28. g3 Qf6 29. Rc6 Qf5 30. g4 Qb1+ 31. Kg2 Rf8 32. Rac5 Qa1 33. Rc7 Rb2 34. Rc1 Qa2 35. Qf3 Re2 36. R1c3 Qd2 37. Rc8 Rxc8 38. Rxc8+ Kg7 39. Rd8 Qa5 40. Qxe2 Qxd8 41. Qe5+ Kg8 42. Kg3 Qd7 43. Qb8+ Kg7 44. Qe5+ f6 45. Qe6 Qc7+ 46. Kg2 Qc5 47. Qc6 Qa3 48. Qe6 Qb4 49. Kf3 Qc3+ 50. Qe3 Qc7 51. Qe6 Kf8 52. Kg2 Qc3 53. Qe4 Qc8 54. h4 Kf7 55. h5 Qd7 56. hxg6+ hxg6 57. Kg3 Qc7+ 58. Kg2 Qd6 59. Kf3 Qh2 60. Qe6+ Kf8 61. Qc8+ Kg7 62. Qe6 Qh3+ 63. Ke2 Qa3 64. Kf1 Kh6 65. Kg2 Kg5 66. Qe4 Qd6 67. Kf3 f5 68. gxf5 gxf5 69. Qd4 Kg6 70. Qc4 Kf6 71. Qd4+ Qe5 72. Qc4 Qb2 73. Qh4+ Kf7 74. Qh5+ Kf8 75. Qxf5+ Ke8 76. Qc8+ Kf7 77. Qe6+ Kf8 78. Kg3 Qg7+ 79. Kf4 Qg2 80. Qf5+ Ke8 81. Ke3 Qh1 82. Ke2 Qc1 83. Kf3 Qh1+ 84. Kg3 Qg1+ 85. Kh4 Kd8 86. Kh5 Qg7 87. f4 Qh8+ 88. Kg4 Qg7+ 89. Qg5 Qd4 90. Qe5 Qg1+ 91. Kf5 Qb1+ 92. Qe4 Qb3 93. Qe5 1/2-1/2

[Event "RUS-ch qual 57th"]
[Site "St Petersburg"]
[Date "2004.05.30"]
[Round "9"]
[White "Danin, Alexandre"]
[Black "Silivanov, Sergej"]
[Result "1-0"]
[WhiteElo "2332"]
[BlackElo "2291"]
[PlyCount "37"]
[EventDate "2004.05.21"]
[EventType "swiss"]
[EventRounds "9"]
[EventCountry "RUS"]
[SourceTitle "CBM 102"]
[Source "ChessBase"]
[SourceDate "2004.09.23"]
[SourceVersion "1"]
[SourceVersionDate "2004.09.23"]
[SourceQuality "1"]

1. e4 e5 2. Nf3 d6 3. d4 Nf6 4. Nc3 Nbd7 5. Bc4 Be7 6. 0-0 0-0 7. Re1 c6 8. a4 b6 9. Ba2 Bb7 10. dxe5 dxe5 11. Nh4 g6 12. Bh6 Re8 13. Qf3 Bf8 14. Bg5 Bg7 15. Rad1 Bc8 16. Rd6 h6 17. Bxf6 Bxf6 18. Nxg6 Kg7 19. Nh4 1-0

[Event "RUS-ch qual 57th"]
[Site "St Petersburg"]
[Date "2004.05.28"]
[Round "7"]
[White "Dobrov, Vladimir"]
[Black "Silivanov, Sergej"]
[Result "1-0"]
[WhiteElo "2477"]
[BlackElo "2291"]
[PlyCount "37"]
[EventDate "2004.05.21"]
[EventType "swiss"]
[EventRounds "9"]
[EventCountry "RUS"]
[SourceTitle "CBM 102"]
[Source "ChessBase"]
[SourceDate "2004.09.23"]
[SourceVersion "1"]
[SourceVersionDate "2004.09.23"]
[SourceQuality "1"]

1. e4 e5 2. Nf3 Nc6 3. Bb5 a6 4. Ba4 d6 5. d4 b5 6. Bb3 Nxd4 7. Nxd4 exd4 8. c3 dxc3 9. Nxc3 Nf6 10. e5 Ng4 11. Qf3 Be6 12. Bxe6 Nxe5 13. Bxf7+ Nxf7 14. Qc6+ Ke7 15. Nd5+ Ke6 16. Nxc7+ Kf6 17. Qf3+ Kg6 18. Qe4+ Kh5 19. Qf5+ 1-0

[Event "RUS-ch qual 57th"]
[Site "St Petersburg"]
[Date "2004.05.26"]
[Round "5"]
[White "Silivanov, Sergej"]
[Black "Solovjov, Sergey"]
[Result "0-1"]
[WhiteElo "2291"]
[BlackElo "2458"]
[PlyCount "104"]
[EventDate "2004.05.21"]
[EventType "swiss"]
[EventRounds "9"]
[EventCountry "RUS"]
[SourceTitle "CBM 102"]
[Source "ChessBase"]
[SourceDate "2004.09.23"]
[SourceVersion "1"]
[SourceVersionDate "2004.09.23"]
[SourceQuality "1"]

1. e4 c5 2. c3 d6 3. d4 Nf6 4. dxc5 Nc6 5. Bc4 Nxe4 6. Bxf7+ Kxf7 7. Qh5+ Kg8 8. Qd5+ e6 9. Qxe4 d5 10. Qe2 Bxc5 11. Nf3 Qf6 12. 0-0 e5 13. Qb5 Qd6 14. b4 Bb6 15. Rd1 Be6 16. Ng5 Rf8 17. Be3 d4 18. cxd4 exd4 19. Nc3 h6 20. Nf3 Rxf3 21. gxf3 Qf8 22. Kg2 dxe3 23. fxe3 Qxb4 24. Qxb4 Nxb4 25. Rab1 Nc2 26. Rd6 Nxe3+ 27. Kh1 Kf7 28. Na4 Nc4 29. Rdd1 Rc8 30. Nxb6 Nxb6 31. a4 Rc5 32. Kg2 Kf6 33. Rd4 Bd5 34. Kg3 Bc6 35. Rbb4 Nxa4 36. Rd6+ Ke7 37. Rg6 Kf7 38. Rbg4 Rg5 39. R6xg5 hxg5 40. Rxg5 b5 41. Kf4 Kf6 42. Rf5+ Ke6 43. Rg5 b4 44. Rg6+ Kd5 45. Rg5+ Kc4 46. Rg6 b3 47. Rxc6+ Nc5 48. Rg6 b2 49. Rg1 a5 50. Ke3 Kc3 51. Rg5 Nb3 52. Rg1 a4 0-1

[Event "RUS-ch qual 57th"]
[Site "St Petersburg"]
[Date "2004.05.22"]
[Round "2"]
[White "Riazantsev, Alexander"]
[Black "Silivanov, Sergej"]
[Result "1-0"]
[WhiteElo "2556"]
[BlackElo "2291"]
[PlyCount "71"]
[EventDate "2004.05.21"]
[EventType "swiss"]
[EventRounds "9"]
[EventCountry "RUS"]
[SourceTitle "CBM 102"]
[Source "ChessBase"]
[SourceDate "2004.09.23"]
[SourceVersion "1"]
[SourceVersionDate "2004.09.23"]
[SourceQuality "1"]

1. d4 d5 2. c4 e6 3. Nf3 Nf6 4. Nc3 Nbd7 5. cxd5 exd5 6. Bg5 c6 7. e3 Be7 8. Bd3 0-0 9. Qc2 Re8 10. 0-0 Nf8 11. Rab1 Be6 12. b4 Rc8 13. Rfc1 N6d7 14. Bxe7 Qxe7 15. Na4 Bg4 16. Nd2 b5 17. Nc5 Nb6 18. a4 Nc4 19. Ra1 Rc7 20. Nf1 Bc8 21. Ng3 g6 22. axb5 cxb5 23. e4 dxe4 24. Ngxe4 Nd6 25. Re1 Nxe4 26. Rxe4 Qd8 27. Bxb5 Rxe4 28. Qxe4 Re7 29. Qd3 Ne6 30. d5 Nf4 31. Qd4 Nxd5 32. Bc4 Be6 33. h3 Qd6 34. Rd1 a5 35. bxa5 Rc7 36. Ne4 1-0

[Event "RUS-ch qual 57th"]
[Site "St Petersburg"]
[Date "2004.05.21"]
[Round "1"]
[White "Silivanov, Sergej"]
[Black "Tseshkovsky, Vitaly"]
[Result "0-1"]
[WhiteElo "2291"]
[BlackElo "2564"]
[PlyCount "62"]
[EventDate "2004.05.21"]
[EventType "swiss"]
[EventRounds "9"]
[EventCountry "RUS"]
[SourceTitle "CBM 102"]
[Source "ChessBase"]
[SourceDate "2004.09.23"]
[SourceVersion "1"]
[SourceVersionDate "2004.09.23"]
[SourceQuality "1"]

1. e4 c5 2. Nf3 d6 3. Bb5+ Nc6 4. Bxc6+ bxc6 5. 0-0 e5 6. c3 Bg4 7. h3 Bxf3 8. Qxf3 Nf6 9. d3 Be7 10. Be3 0-0 11. Nd2 d5 12. Qf5 Nd7 13. Qg4 h5 14. Qxh5 d4 15. cxd4 cxd4 16. Bxd4 exd4 17. f4 Rb8 18. b3 Rb5 19. e5 Nf6 20. Qf3 Nd5 21. g3 Ne3 22. Rfc1 Qd7 23. Rxc6 Qxh3 24. Rc7 Rb6 25. Re1 Rh6 26. Re2 Rc8 27. Rxc8+ Qxc8 28. Nc4 Bc5 29. Nxe3 dxe3 30. f5 Bd4 31. Kg2 Qc1 0-1

[Event "RUS-Cup07"]
[Site "Togliatti"]
[Date "2001.08.09"]
[Round "2"]
[White "Silivanov, Sergej"]
[Black "Yevseev, Denis"]
[Result "0-1"]
[WhiteElo "2316"]
[BlackElo "2530"]
[PlyCount "122"]
[EventDate "2001.08.08"]
[EventType "swiss"]
[EventRounds "9"]
[EventCountry "RUS"]
[SourceTitle "CBM 083 Extra"]
[Source "ChessBase"]
[SourceDate "2001.09.11"]
[SourceVersion "1"]
[SourceVersionDate "2001.09.11"]
[SourceQuality "1"]

1. e4 c6 2. d4 d5 3. exd5 cxd5 4. c4 Nf6 5. Nc3 g6 6. cxd5 Nxd5 7. Qb3 Nb6 8. Nf3 Bg7 9. Bb5+ Bd7 10. Ne5 0-0 11. Nxd7 N8xd7 12. Be3 Nf6 13. 0-0 Ng4 14. Be2 h5 15. h3 Nxe3 16. fxe3 e5 17. d5 e4 18. Nxe4 Qxd5 19. Nf6+ Bxf6 20. Rxf6 Qxb3 21. axb3 Nd7 22. Rd6 Ne5 23. Bf3 Nxf3+ 24. gxf3 Rfc8 25. Rd7 Rc2 26. Rf1 b6 27. Rf2 Rac8 28. Rdd2 Rxd2 29. Rxd2 Kf8 30. Kf2 Ke7 31. e4 Rc1 32. Kg3 Ke6 33. f4 f6 34. Rf2 g5 35. fxg5 fxg5 36. h4 gxh4+ 37. Kxh4 Re1 38. Kxh5 Rxe4 39. Kg5 Re3 40. Kf4 Rxb3 41. Ke4 a5 42. Kd4 a4 43. Re2+ Kd6 44. Rc2 b5 45. Ke4 Rb4+ 46. Kd3 Kd5 47. Rh2 Rc4 48. b3 axb3 49. Rb2 Kc5 50. Rxb3 b4 51. Rb2 Rc3+ 52. Kd2 Kc4 53. Ra2 Kb3 54. Ra8 Kb2 55. Ra7 Rc8 56. Kd3 b3 57. Rb7 Rd8+ 58. Ke2 Kc2 59. Rc7+ Kb1 60. Rb7 b2 61. Ra7 Rd5 0-1

[Event "Urals-ch"]
[Site "Orsk"]
[Date "2001.??.??"]
[Round "6"]
[White "Obukhov, Alexander"]
[Black "Silivanov, Sergej"]
[Result "1-0"]
[WhiteElo "2425"]
[BlackElo "2317"]
[PlyCount "95"]
[EventDate "2001.??.??"]
[EventType "swiss"]
[EventRounds "9"]
[EventCountry "RUS"]
[SourceTitle "EXT 2002"]
[Source "ChessBase"]
[SourceDate "2001.11.25"]
[SourceVersion "1"]
[SourceVersionDate "2001.11.25"]
[SourceQuality "1"]

1. Nf3 d6 2. e4 Nf6 3. Nc3 e5 4. d4 Nbd7 5. g3 Be7 6. Bg2 0-0 7. 0-0 Re8 8. Re1 Bf8 9. h3 c6 10. a4 Qc7 11. Be3 b6 12. Nh4 a6 13. f4 Bb7 14. g4 g6 15. dxe5 dxe5 16. f5 b5 17. Qf3 b4 18. Ne2 Rec8 19. Rf1 Bg7 20. Ng3 Ne8 21. fxg6 fxg6 22. Qf7+ Kh8 23. Rad1 Ndf6 24. Qe6 Rd8 25. Nf3 Rxd1 26. Rxd1 Ng8 27. Ng5 h6 28. Rd7 Qc8 29. Nf7+ Kh7 30. Nxe5 Ngf6 31. Rxg7+ Nxg7 32. Qxf6 Qe6 33. g5 Qxf6 34. gxf6 Ne6 35. Bf1 Rd8 36. Bc4 Bc8 37. Nxc6 Rd1+ 38. Kf2 h5 39. h4 Nf8 40. e5 Be6 41. Bxe6 Nxe6 42. Ne4 b3 43. cxb3 Rd3 44. Ng5+ Nxg5 45. Bxg5 Rxb3 46. f7 Rxb2+ 47. Ke3 a5 48. Bf6 1-0

[Event "Urals-ch"]
[Site "Orsk"]
[Date "2001.??.??"]
[Round "5"]
[White "Silivanov, Sergej"]
[Black "Kurnosov, Igor"]
[Result "1/2-1/2"]
[WhiteElo "2317"]
[BlackElo "2375"]
[PlyCount "89"]
[EventDate "2001.??.??"]
[EventType "swiss"]
[EventRounds "9"]
[EventCountry "RUS"]
[SourceTitle "EXT 2002"]
[Source "ChessBase"]
[SourceDate "2001.11.25"]
[SourceVersion "1"]
[SourceVersionDate "2001.11.25"]
[SourceQuality "1"]

1. e4 c5 2. c3 Nf6 3. e5 Nd5 4. Nf3 Nc6 5. Bc4 Nb6 6. Bb3 d5 7. d4 cxd4 8. cxd4 Bg4 9. Be3 e6 10. 0-0 Be7 11. a3 0-0 12. Nbd2 f6 13. exf6 Bxf6 14. Qb1 Kh8 15. Bc2 e5 16. dxe5 Nxe5 17. Nd4 Nec4 18. Nxc4 dxc4 19. Nf5 c3 20. bxc3 Nd5 21. Qxb7 Rb8 22. Qxa7 Rb2 23. Nd4 Nxc3 24. Bf5 Bxf5 25. Nxf5 Be5 26. Qe7 Qxe7 27. Nxe7 Rb7 28. Bc5 Ne2+ 29. Kh1 Bxa1 30. Rxa1 Re8 31. Nf5 Re5 32. Nd6 Rc7 33. Bb4 Kg8 34. g3 Rc1+ 35. Rxc1 Nxc1 36. Kg2 Nd3 37. Bc3 Re2 38. Bd4 Ra2 39. Nf5 g6 40. Nh6+ Kf8 41. Ng4 Rxa3 42. Ne5 Ke8 43. Nxd3 Rxd3 44. Be3 Kf7 45. h4 1/2-1/2